| 000 | 01152nam a22002535a 4500 | ||
|---|---|---|---|
| 003 | OSt | ||
| 005 | 20170322111127.0 | ||
| 008 | 170313s2008 ua frb 000 0 ara d | ||
| 015 | _a97 / 10712 | ||
| 020 | _a9770921065 | ||
| 040 |
_aEG-ScBUE _bara _cEG-ScBUE |
||
| 043 | _af-ua--- | ||
| 082 | 0 | 4 |
_222 _bف ق ي _a343.62096 |
| 100 | 1 | _aفقي، عاطف محمد. | |
| 245 | 1 | 2 |
_aالنقل البحري للبضائع في ظل قانون التجارة البحرية رقم 8 لسنة 1990 واتفاقية الأمم المتحدة لنقل البضائع بالبحر لعام 1978 (قواعد هامبورج 1978) / _cعاطف محمد الفقي. |
| 260 |
_aالقاهرة : _bدار النهضة العربية، _c2008. |
||
| 300 |
_a243 ص. ؛ _c24 سم. |
||
| 504 | _aيشتمل على إرجاعات ببليوجرافية. | ||
| 630 | 7 |
_2BUEsh _aاتفاقية هامبورج للنقل البحري _d(1978) |
|
| 650 | 7 |
_2BUEsh _aالنقل البحري _xقوانين وتشريعات _zمصر. |
|
| 650 | 7 |
_2BUEsh _aالتجارة البحرية _xقوانين وتشريعات _zمصر. |
|
| 653 |
_bLLAAWW _cMarch2017 |
||
| 942 | _2ddc | ||
| 999 |
_c24506 _d24478 |
||